| 000 | 00921cam a2200289 4500 | ||
|---|---|---|---|
| 008 | 010921n2002 000 0 eng u | ||
| 020 | _a0415270049 | ||
| 035 | _a(Sirsi) u114720 | ||
| 050 | 0 | 4 | _a711.4 $2 18 |
| 100 |
_aAllmendinger, P. _xEditor |
||
| 245 | _aPlanning futures : new directions for planning theory | ||
| 260 |
_aLondon _bRoutledge _c2002 |
||
| 300 |
_axii,258p. _c24cm |
||
| 350 | _a19.99 | ||
| 520 | _aAttempts to bridge theory and practice within planning practice and social and economic theory using examples and case studies from an international arena. | ||
| 650 | _aECONOMIC THEORY | ||
| 650 | _aPLANNING PRACTICE | ||
| 650 | _aPLANNING THEORY | ||
| 650 | _aSOCIAL THEORY | ||
| 650 | _aSOCIOLOGY | ||
| 650 | _aTOWN PLANNING | ||
| 650 | _aURBAN PLANNING | ||
| 650 | _aURBAN DEVELOPMENT | ||
| 690 |
_aPlanning and development _96259 |
||
| 700 | _aTewdwr-Jones, M. | ||
| 942 | _n0 | ||
| 999 |
_c101644 _d101644 |
||